000 00793cab a2200241 4500
001 WB3432-04
008 090401t1998 xxu||||| |||| 00| 0 eng d
035 _a(Sirsi) u88032
041 _aeng
245 _aCosts to plummet
260 _c1998
350 _a0
490 _aBuilding
_v263(8052) 14 August 1998, 1491)
520 _aBuilding inspection costs for commercial buildings are set to fall sharply following the government`s decision to grant local authorities the power to set their own fees for building control inspection.
650 _aBUILDING CONTROL
_96222
650 _aBUILDING INSPECTIONS
650 _aCOMMERCIAL BUILDINGS
650 _aFEES
650 _aLOCAL AUTHORITIES
690 _aBUILDING AND CONSTRUCTION-CONTROL
942 _n0
948 _c18/08/1998
999 _c55586
_d55586